000 00722nam a2200229 4500
003 OSt
005 20240614012133.0
006 a
008 240614b |||||||| |||| 00| 0 eng d
020 _a978071078627
040 _aDWCL-Main lib.
_cOC
082 _2Third edition
_aCirc. 658.3 F981 2009
111 _aRaymond A. Noe...[et al]
245 _aFundamentals of human resource management /
250 _aThird edition
260 _aNew York :
_bMcGraw-Hill/Irwinl,
_cc2009.
300 _axxxi,
_b527 p. : ill. ;
_c23 cm.
504 _aIncludes bibliographical references & indexes.
650 _a1. Personnel management.
711 _a Raymond A. Noe...[et al]
942 _2ddc
_n0
_cBK-CIRC
_eThird edition
_kCirc.
999 _c664
_d664